| 000 | 00817nas a2200277 4500 | ||
|---|---|---|---|
| 001 | BR0809864 | ||
| 003 | BR-BrBNA | ||
| 005 | 20231205112757.0 | ||
| 007 | ta | ||
| 008 | 230509b bl.|||p| |||| 00| 00por d | ||
| 040 |
_aBR-BrBNA _bpor _cBiblioteca Nacional de Agricultura |
||
| 041 | _a(Pt) | ||
| 072 | _aL70 | ||
| 100 | 1 | _aTrindade, A.B. | |
| 100 | 1 | _aGuimarães, L.D. | |
| 100 | 1 | _aContesini, E.A. | |
| 100 | 1 | _aGomes, C. | |
| 100 | 1 | _aBasso, P.C. | |
| 245 | 1 |
_aFármacos injetavéis para a anestesia total intravenosa em cães _bRevisão de literatura |
|
| 650 | _aMEDICAMENTO | ||
| 650 | _aCIRURGIA | ||
| 650 | _aCÃO | ||
| 773 | 0 |
_tVeterinária em Foco (Brazil) _xISSN 1679-5237 _g(Jan-Jun 2008), v. 5(2) p. 154-172 _wBR0809864 |
|
| 909 |
_a202311 _bLúcia _c55 _dLúcia Elande |
||
| 942 |
_2AGRIS _n0 _cANA |
||
| 999 |
_c199926 _d199926 |
||